000
00286nam a2200121Ia 4500
008
241015s9999 xx 000 0 und d
041
_a
eng
082
_a
428 CUR
100
_a
Anne Curzan
245
_a
Says Who
260
_b
crownpublishing.con
_a
London
_c
2024
300
_a
321;. P. 23 cm
999
_c
41945
_d
41945